000 00521nam a22001695i 4500
001 164123
003 ES-MaACL
005 20251015063145.0
008 950206s1890 sp |||| | spa d
040 _aCLM
100 1 _aRueda, Salvador,
_d1857-1933
_9100515
245 1 3 _aLa reja
_b: novela andaluza /
_cSalvador Rueda.
260 _aMadrid :
_b[s.n.],
_c1890 (
_fTipografía de Manuel G. Hernández)
300 _a251 p. ;
_c19 cm.
852 _aES-MaACL
_jF-10833
_z-- Enc. pasta
999 _c164123
_d164123